000 00780nam a2200265Ia 4500
005 20250425160703.0
008 250425s9999 xx 000 0 und d
020 _a9688806935
041 _aspa
043 _amx
082 _a658.4038
100 _aLAUDON, KENNETH C.
245 0 _aADMINISTRACION DE LOS SISTEMAS DE INFORMACION: ORGANIZACION Y TECNOLOGIA
250 _a3A ED.
260 _aMEXICO
260 _aMéxico
_bPRENTICE-HALL HISPANOAMERICANA S.A.
_c1996
300 _a885
500 _aTítulo Traducido: MANAGEMENT INFORMATION SYSTEMS: ORGANIZATION AND TECNOLOGY
650 _aADMINISTRACION
650 _aPLANIFICACION ESTRATEGICA
650 _aSISTEMAS DE INFORMACION
700 _aJORGE RODRIGUEZ R.
_etraductor
942 _c01
010 _a2294
999 _c194101
_d194101